面积最小的30个县/县级市 The 30 smallest China cities/counties by area - Statistics

General Stats
  • This quiz has been taken 47 times
  • The average score is 12 of 30
Answer Stats
省内排名 面积/km² 县区 % Correct
浙江89 86 嵊泗县
91%
浙江76 326 岱山县
83%
广东113 115 南澳县
63%
福建67 371 平潭县
60%
甘肃85 89 临夏市
57%
浙江87 122 龙港市
57%
福建75 160 石狮市
57%
河南144 99 义马市
51%
福建72 248 东山县
51%
福建76 152 金门县
49%
江苏78 331 扬中市
49%
浙江74 378 玉环市
49%
江西92 287 共青城市
46%
辽宁77 157 长海县
43%
河北154 176 大厂回族自治县
43%
山西112 220 侯马市
40%
辽宁72 262 调兵山市
37%
湖南107 247 韶山市
34%
河北139 336 鸡泽县
34%
河北146 296 深泽县
31%
河北145 314 容城县
26%
河北133 387 孟村回族自治县
26%
河北151 222 高邑县
23%
河北147 268 柏乡县
23%
河北140 331 博野县
23%
广西103 360 合山市
23%
河北144 314 广平县
17%
河北138 366 新河县
17%
河北137 370 望都县
17%
四川171 387 青神县
14%
No matching quizzes found
Score Distribution
Percent of People with Each Score
Percentile by Number Answered
Your Score History
You have not taken this quiz